| 000 | 00845nam a2200253Ia 4500 | ||
|---|---|---|---|
| 003 | OSt | ||
| 005 | 20220923221014.0 | ||
| 006 | a|||||r|||| 00| 0 | ||
| 007 | ta | ||
| 008 | 220922b |||||||| |||| 00| 0 hin d | ||
| 024 | _a193,669 | ||
| 037 | _cTextual | ||
| 040 |
_aARTS _cARTS _bhin |
||
| 041 |
_2hin _ahin |
||
| 082 | _aO152,3xN5, M1 | ||
| 100 |
_aअस्थाना, धीरेन्द्र, संपा. _9157127 |
||
| 245 | 0 | _aकथा खण्ड एक | |
| 246 | _aKathā khaṇḍa eka | ||
| 260 |
_aदिल्ली _b प्रका0 संस्थान _c1981 |
||
| 300 |
_a172पृ. _ccm. |
||
| 650 |
_aहिन्दी साहित्य _9156264 |
||
| 942 |
_hO152,3xN5, M1 _cTEXL _2CC |
||
| 999 |
_c346107 _d346107 |
||